000 00936cam a2200289 a 4500
999 _c330691
_d330691
001 12818715
003 NUST
005 20180116123942.0
008 010522r20011884pk b 000 0 eng
010 _a 2001310276
020 _a9693511263
025 _aP-E-2001310276; 09
035 _a(DLC) 2001310276
040 _aDLC
_cDLC
042 _alcode
043 _aa-ii---
050 0 0 _aDS485
_b.G39 2001
082 _a954.56
_bGAZ
245 0 0 _aGazetteer of the Gurgaon district :
_b1883-84.
260 _aLahore :
_bSang-e-Meel Publications,
_c2001.
300 _av, 150, xxvi p. ;
_c25 cm.
500 _aOriginally published : Lahore : Arya Press, 1884.
504 _aIncludes bibliographical references.
651 0 _aGurgaon (India : District)
_91340
906 _a7
_bcbc
_corigode
_d3
_encip
_f20
_gy-gencatlg
942 _2ddc
_cBK